[Event "AI Cup Div 2 W"]
[Site "chess.com INT"]
[Date "2023.09.27"]
[Round "3.5"]
[White "Andreikin, D."]
[Black "Artemiev, V."]
[Result "1/2-1/2"]
[WhiteElo "2729"]
[BlackElo "2697"]
[PlyCount "290"]
[EventDate "2023.09.25"]
[EventType "k.o."]

1. d4 d5 2. c4 e6 3. Nc3 h6 4. Nf3 Nf6 5. cxd5 exd5 6. Bf4 c6 7. e3 Bf5 8. Bd3 Bxd3 9. Qxd3 Nbd7 ({RR} 9... Bd6 10. Bxd6 Qxd6 11. O-O O-O 12. Rab1 a5 13. a3 Nbd7 14. Qc2 Rfe8 15. Rfc1 Ne4 16. Nxe4 Rxe4 17. b4 axb4 18. axb4 Ree8 19. b5 Rec8 20. bxc6 bxc6 21. h3 c5 22. dxc5 Rxc5 23. Qd2 Nf6 24. Rxc5 {Giri,A (2745)-Gukesh,D (2764) Warsaw POL 2024 ½-½ (56)}) 10. O-O-O $146 ({RR} 10. h3 Be7 11. O-O O-O 12. Rab1 a5 13. Qc2 Re8 14. a3 Nb6 15. Nd2 Nc8 16. Na4 Bd6 17. Bxd6 Nxd6 18. Nc5 Qc7 19. Rfc1 Qe7 20. a4 Rec8 21. Qd1 Nf5 22. Qf3 g6 23. Qf4 Kg7 24. Qe5 b6 {Chen,Y (2298)-Zhao Xue (2433) Zhejiang CHN 2026 ½-½ (34)}) 10... Bb4 11. Kb1 Qe7 12. Rhf1 Ne4 13. Ne2 O-O 14. Ne5 Nxe5 15. Bxe5 Bd6 16. Bf4 Rfe8 17. g3 Rad8 18. Rc1 Bb4 19. Rc2 g5 20. Be5 f6 21. f3 Nd2+ 22. Rxd2 Bxd2 23. Bxf6 Qxf6 24. Qxd2 Qe7 25. Qc2 Qh7 26. e4 dxe4 27. f4 gxf4 28. gxf4 Kh8 29. a3 Rf8 30. Qc5 Qf5 31. Qe7 e3+ 32. Ka1 Rde8 33. Qxb7 Qb5 34. Qxb5 cxb5 35. Kb1 Rg8 36. Kc2 Rg2 37. Kd3 Rxh2 38. Rg1 h5 39. d5 Rg8 40. Re1 h4 41. Nd4 Rd8 42. Ke4 e2 43. Nf3 Rf2 44. Ke3 Rf1 45. Rxe2 Rxd5 46. Nxh4 Rh5 47. Ng6+ Kg7 48. Ne5 Rh4 49. Nd3 Kf6 50. Rc2 Rh3+ 51. Ke4 Rxd3 52. Kxd3 Rxf4 53. Rc6+ Ke5 54. Rc5+ Kd6 55. Rxb5 Kc6 56. Rh5 Rf3+ 57. Kc4 Rf4+ 58. Kb3 Re4 59. Kc3 Kb6 60. Rg5 Rf4 61. Re5 Rf3+ 62. Kb4 Rf4+ 63. Kb3 Rg4 64. Re3 Kb5 65. Rh3 Kb6 66. Rf3 Kb5 67. Rf6 Rg3+ 68. Ka2 a5 69. Rh6 Rf3 70. Rh7 Rg3 71. Rh8 Rf3 72. Rg8 Ka6 73. Rg6+ Kb5 74. Rg5+ Kb6 75. Rh5 Ka6 76. Rd5 Kb6 77. Rd2 Ka6 78. Rc2 Kb5 79. Rc8 Kb6 80. Rb8+ Ka6 81. Kb1 Ka7 82. Rd8 Ka6 83. Kc2 Rf2+ 84. Kc3 Kb6 85. Rd5 Rg2 86. Rd3 Rg4 87. Re3 Kb5 88. Re5+ Kb6 89. Rh5 Rf4 90. Rh3 Kb5 91. b3 Kb6 92. Rh6+ Kc5 93. a4 Rf3+ 94. Kb2 Rf2+ 95. Ka3 Rf5 96. Ra6 Kd4 97. Rc6 Kd5 98. Rc8 Kd6 99. Kb2 Kd7 100. Rc4 Kd6 101. Kc3 Rf3+ 102. Kc2 Rf2+ 103. Kc3 Rf3+ 104. Kb2 Rf2+ 105. Ka3 Rf5 106. Rc1 Kd7 107. Rc2 Kd6 108. Rc8 Kd7 109. Rb8 Kc6 110. Ra8 Kb7 111. Rh8 Kb6 112. Kb2 Kb7 113. Kc3 Kb6 114. Rh6+ Kb7 115. Kc4 Rf4+ 116. Kc5 Rf5+ 117. Kd4 Rf4+ 118. Kd3 Rf3+ 119. Kc2 Rf2+ 120. Kb1 Rf3 121. Ka2 Rf2+ 122. Ka3 Rf3 123. Rg6 Ka7 124. Rc6 Kb7 125. Rc4 Kb6 126. Kb2 Rf1 127. b4 Rf2+ 128. Kc3 axb4+ 129. Rxb4+ Ka5 130. Rh4 Rf3+ 131. Kb2 Rf5 132. Kb3 Rf3+ 133. Kc2 Rf5 134. Rc4 Rd5 135. Kc3 Kb6 136. Kb4 Rd6 137. a5+ Kb7 138. Ka4 Rc6 139. Rb4+ Ka6 140. Rh4 Rd6 141. Rb4 Rc6 142. Rd4 Re6 143. Rb4 Rd6 144. Rc4 Re6 145. Rb4 Rc6 1/2-1/2

[Event "Titled Tue 29th Aug Early"]
[Site "chess.com INT"]
[Date "2023.08.29"]
[Round "5"]
[White "Bluebaum, M."]
[Black "Jones, G."]
[Result "1-0"]
[WhiteElo "2670"]
[BlackElo "2618"]
[PlyCount "61"]
[EventDate "2023.08.29"]

1. d4 d5 2. c4 e6 3. Nc3 a6 4. e4 dxe4 5. Nxe4 Bb4+ 6. Nc3 Nf6 7. a3 Bxc3+ 8. bxc3 b6 ({RR} 8... O-O 9. Nf3 c5 10. Bd3 Nc6 11. O-O h6 12. Bc2 Qa5 13. Qd3 Rd8 14. Bf4 b5 15. Ne5 Bb7 16. cxb5 axb5 17. Nxc6 Bxc6 18. Rfe1 c4 19. Qh3 Kf8 20. Re5 Nd5 21. Bd2 Qc7 22. f4 b4 23. cxb4 {Bluebaum,M (2694)-Aimdilokwong,A (2047) chess.com INT 2026 1-0 (32)}) 9. Nf3 Bb7 10. Bd3 $146 ({RR} 10. Be2 Nbd7 11. O-O O-O 12. Bg5 Rc8 13. a4 h6 14. Bh4 c5 15. Qb3 g5 16. Bg3 Ne4 17. Rad1 Nxg3 18. fxg3 Qc7 19. d5 exd5 20. cxd5 Rfe8 21. Qc2 Nf6 22. c4 Ng4 23. Nxg5 hxg5 24. Bxg4 Rcd8 {Kebis,M (1843)-Fabrici,M Bratislava SVK 2023 1-0 (43)}) 10... Be4 11. O-O Bxd3 12. Qxd3 Nbd7 13. Re1 O-O 14. Bf4 Nh5 15. Bg5 Qc8 16. Qe4 h6 17. Qh4 Nhf6 18. Bxh6 gxh6 19. Qxh6 Nh7 20. Re4 f5 21. Ng5 Ndf6 22. Nxe6 Qd7 23. Nxf8 Rxf8 24. Re3 Rf7 25. Rae1 Rg7 26. h3 Qc6 27. d5 Qxc4 28. Re7 Rxg2+ 29. Kxg2 Qxd5+ 30. f3 Qd2+ 31. Qxd2 1-0

[Event "chess.com SpeedChess 2023"]
[Site "chess.com INT"]
[Date "2023.09.06"]
[Round "1.16"]
[White "Sarana, A."]
[Black "Nihal, Sarin"]
[Result "1/2-1/2"]
[WhiteElo "2693"]
[BlackElo "2694"]
[PlyCount "170"]
[EventDate "2023.09.04"]

1. d4 d5 2. c4 e6 3. Nc3 h6 4. Bf4 Nf6 5. e3 Bd6 6. Bxd6 Qxd6 7. Rc1 ({RR} 7. Nf3 O-O 8. Rc1 Nbd7 9. cxd5 exd5 10. Nb5 Qb4+ 11. Qd2 Qxd2+ 12. Nxd2 c6 13. Nd6 Nb6 14. Bd3 a5 15. Nb3 Rd8 16. Nxc8 Nxc8 17. a4 Nb6 18. Ra1 Ne8 19. Ke2 Nd6 20. Rhc1 Nd7 21. g4 g6 {Artemiev,V (2641)-Carlsen,M (2841) Hong Kong HKG 2026 ½-½ (64)}) 7... Qe7 ({RR} 7... O-O 8. cxd5 Nxd5 9. Nf3 b6 10. Nxd5 exd5 11. Qc2 c6 12. Bd3 Be6 13. O-O Rc8 14. Rfd1 Nd7 15. h3 Rc7 16. Qa4 c5 17. Qa3 Rd8 18. Bb5 Nf6 19. b3 Rdc8 20. Ba6 Rd8 21. Rc2 Bf5 22. Bd3 {Sarana,A (2693)-Nihal,S (2694) chess.com INT 2023 1-0 (55)}) 8. Bd3 $146 ({RR} 8. Nf3 O-O 9. Bd3 b6 10. cxd5 exd5 11. O-O Nbd7 12. Qe2 Bb7 13. Rfd1 a6 14. b3 Rfe8 15. Rc2 c5 16. Rdc1 Qd6 17. h3 g6 18. Qd1 Rac8 19. Qe2 Ra8 20. Qd1 Kg7 21. Rd2 Rac8 22. dxc5 bxc5 {Alcala Gonzalez,C (2110)-Boyer,M (2333) Barcelona 2021 0-1 (94)}) ({RR} 8. Nf3 O-O 9. Bd3 dxc4 10. Bxc4 c5 11. dxc5 Qxc5 12. Nb5 Nc6 13. O-O Rd8 14. Qe2 Ne5 15. Bd5 Nxf3+ 16. Bxf3 Qb6 17. Nc7 Rb8 18. Qb5 Qxb5 19. Nxb5 Bd7 20. Nd6 Bc6 21. Bxc6 Rxd6 22. Bf3 Rd2 {Alcala Gonzalez,C (2303)-Fernandez Diaz,C (2239) Barcelona ESP 2026 ½-½ (47)}) 8... O-O 9. cxd5 exd5 10. h3 b6 11. Nf3 c5 12. b3 Be6 13. O-O Rc8 14. Qe2 Nc6 15. Bb5 Rab8 16. Rfd1 cxd4 17. Bxc6 dxc3 18. Rxc3 Rc7 19. Nd4 Rbc8 20. Rdc1 Bd7 21. Qb5 Qd6 22. R3c2 Bxc6 23. Rxc6 Rxc6 24. Rxc6 Rxc6 25. Qxc6 Qxc6 26. Nxc6 a5 27. Kf1 Kf8 28. Ke2 Ne4 29. a3 Ke8 30. f3 Ng5 31. Kd3 Kd7 32. Ne5+ Kd6 33. f4 f6 34. Ng6 Ne6 35. b4 axb4 36. axb4 Nd8 37. Nh4 Ke6 38. g4 Kd7 39. Nf5 Ne6 40. h4 Kc6 41. h5 Kd7 42. Kc3 Kc6 43. Kc2 b5 44. Kd3 Kd7 45. Kc3 Kc6 46. Kd2 Kd7 47. Kd3 Kc6 48. Ke2 Kd7 49. Kf3 Kc6 50. e4 dxe4+ 51. Kxe4 Kd7 52. Ne3 Nc7 53. Kf5 Ke7 54. Kg6 Kf8 55. Kf5 Kf7 56. Ke4 Na6 57. Nd5 Ke6 58. Kd4 Kd6 59. Ne3 Ke6 60. Nf5 Kf7 61. Kc3 Nb8 62. Nd4 Nd7 63. Nxb5 f5 64. g5 hxg5 65. fxg5 f4 66. Nd4 Ne5 67. b5 f3 68. Nf5 f2 69. Ng3 Nf3 70. b6 Nxg5 71. Kd4 Ne6+ 72. Kd5 Nd8 73. Kd6 Kg8 74. Kd7 Nb7 75. Kc6 Na5+ 76. Kd5 Kh7 77. Ke5 Kh6 78. Kf5 f1=Q+ 79. Nxf1 Kxh5 80. Ne3 g5 81. Ke5 g4 82. Kf4 Kg6 83. Nxg4 Kf7 84. Ke5 Nc4+ 85. Kd5 Nxb6+ 1/2-1/2

[Event "Titled Tue 22nd Aug Late"]
[Site "chess.com INT"]
[Date "2023.08.22"]
[Round "7"]
[White "Nguyen Ngoc Truong Son"]
[Black "Nihal, Sarin"]
[Result "1/2-1/2"]
[WhiteElo "2641"]
[BlackElo "2684"]
[PlyCount "151"]
[EventDate "2023.08.22"]

1. d4 d5 2. c4 e6 3. Nc3 h6 4. cxd5 exd5 5. Bf4 c6 6. e3 Bd6 7. Bg3 Nf6 8. Bd3 O-O 9. Nf3 Bg4 10. Qc2 Re8 $146 ({RR} 10... a5 11. Ne5 Na6 12. a3 Be6 13. f4 c5 14. Bh4 Be7 15. O-O cxd4 16. exd4 Nc7 17. Kh1 Nfe8 18. f5 Bc8 19. Bg3 Bf6 20. Rae1 Nd6 21. Qd2 b5 22. Nc6 Qd7 23. Ne5 Qd8 24. Ng4 Bg5 25. Qf2 {Duda,J (2731)-Le Tuan Minh (2585) chess.com INT 2026 1-0}) 11. Ne5 Be6 12. f4 c5 13. Bh4 Nc6 14. O-O cxd4 15. exd4 Nxd4 16. Qf2 Bc5 17. Kh1 Nb3 18. Qg3 Nxa1 19. f5 Bd6 20. fxe6 Rxe6 21. Nxf7 Bxg3 22. Nxd8 Re1 23. Bxf6 gxf6 24. Nxb7 Rxf1+ 25. Bxf1 Be5 26. Nxd5 Rb8 27. Ba6 Bxb2 28. g3 Re8 29. Bc4 Kf8 30. Kg2 Nc2 31. Kf3 Ne1+ 32. Kf2 Bd4+ 33. Kf1 Nc2 34. Nd6 Ne3+ 35. Nxe3 Rxe3 36. Kg2 Rc3 37. Bb3 Rd3 38. Nf5 h5 39. h4 Rd2+ 40. Kf3 Be5 41. g4 hxg4+ 42. Kxg4 Rg2+ 43. Kf3 Rh2 44. Kg4 Rf2 45. Be6 a5 46. h5 Rg2+ 47. Kf3 Rh2 48. h6 Bb2 49. Kg3 Rh1 50. Bd5 Rh5 51. Kg4 Rh2 52. Kg3 Be5+ 53. Kg4 a4 54. Nh4 f5+ 55. Kg5 Bf6+ 56. Kxf6 Rxh4 57. Kg6 f4 58. h7 a3 59. Bf3 Rh2 60. Bh5 Rxh5 61. Kxh5 Kg7 62. Kg4 Kxh7 63. Kxf4 Kg7 64. Ke4 Kf8 65. Kd4 Ke8 66. Kc4 Kd8 67. Kb4 Kc8 68. Kxa3 Kb8 69. Ka4 Ka8 70. Ka5 Kb8 71. Ka6 Ka8 72. a4 Kb8 73. a5 Ka8 74. Kb6 Kb8 75. a6 Ka8 76. a7 1/2-1/2

[Event "Titled Tue 5th Sep Early"]
[Site "chess.com INT"]
[Date "2023.09.05"]
[Round "11"]
[White "Duda, J."]
[Black "Maghsoodloo, Parham"]
[Result "0-1"]
[WhiteElo "2726"]
[BlackElo "2707"]
[PlyCount "86"]
[EventDate "2023.09.05"]

1. c4 e6 2. Nc3 d5 3. d4 Bb4 4. a3 Bxc3+ 5. bxc3 Nf6 6. cxd5 exd5 7. e3 O-O 8. Bd3 c5 9. Ne2 b6 10. O-O Ba6 11. f3 Bxd3 12. Qxd3 Nc6 13. Ra2 Re8 14. Ng3 h5 ({RR} 14... Qd7 15. Re2 Re6 16. Bb2 Rd8 17. Rd1 Ne7 18. e4 Qa4 19. Bc1 Rc8 20. Rde1 g6 21. dxc5 Rxc5 22. Be3 Rc8 23. Bd4 dxe4 24. Nxe4 Nxe4 25. Rxe4 Rxe4 26. Qxe4 Nf5 27. Bxb6 Qxe4 28. fxe4 axb6 29. exf5 {Mamedyarov,S (2752)-Ivanchuk,V (2740) Dortmund 2008 ½-½}) 15. Re2 Rc8 ({RR} 15... Qd7 16. Bb2 Rad8 17. dxc5 bxc5 18. c4 d4 19. exd4 Nxd4 20. Bxd4 Qxd4+ 21. Qxd4 Rxd4 22. Rxe8+ Nxe8 23. Nxh5 Rxc4 24. Rd1 Kf8 25. Rd7 Ra4 26. Rd5 c4 27. Rc5 Nd6 28. Nf4 Rxa3 29. Nd5 Rd3 30. Kf2 {Olhovik,A (2275)-Wu,Y (2340) chess.com INT 2026 0-1 (75)}) 16. Bb2 cxd4 $146 ({RR} 16... h4 17. Nh1 Nh5 18. Nf2 Qd7 19. Nh3 Ne7 20. e4 Ng6 21. Qd2 cxd4 22. cxd4 dxe4 23. fxe4 Qg4 24. e5 Rcd8 25. Qe3 Nf6 26. Ref2 Nd5 27. Qb3 Re7 28. Kh1 Rc7 29. Qd3 Rcd7 30. Rf3 Nc7 31. Qb3 {Vestby Ellingsen,M (2368)-Thorhallsson,S (2245) Kragero 2022 1-0 (40)}) 17. cxd4 g6 18. e4 h4 19. Nf5 gxf5 20. e5 Nh5 21. Qxf5 Ng7 22. Qg4 Re6 23. f4 Rg6 24. Qh3 Ne7 25. Qxh4 Qd7 26. Rf3 Nef5 27. Qf2 Qe7 28. h3 Nh4 29. Rg3 Rcc6 30. Rxg6 Rxg6 31. g4 Rc6 32. Kh2 Rc4 33. f5 Qg5 34. e6 fxe6 35. fxe6 Rc7 36. Re5 Qe7 37. Rxd5 Ng6 38. Rd7 Rxd7 39. exd7 Qxd7 40. d5 Qd6+ 41. Kg1 Nf4 42. Qe3 Nxd5 43. Qf3 Ne6 0-1

[Event "Titled Tue 29th Aug Late"]
[Site "chess.com INT"]
[Date "2023.08.29"]
[Round "9"]
[White "Kramnik, V."]
[Black "Svane, R."]
[Result "1-0"]
[WhiteElo "2753"]
[BlackElo "2631"]
[PlyCount "61"]
[EventDate "2023.08.29"]

1. c4 e6 2. Nc3 d5 3. d4 a6 4. cxd5 exd5 5. Bf4 Nf6 6. e3 Bd6 7. Bg5 c6 8. Bd3 O-O 9. Qc2 h6 10. Bh4 Re8 ({RR} 10... Be6 11. Nge2 Re8 12. O-O-O Nbd7 13. Nf4 Nf8 14. Nxe6 Nxe6 15. Kb1 Be7 16. Bf5 Nc7 17. f3 Nb5 18. Bf2 Qa5 19. Na4 Nd6 20. Bd3 Nd7 21. e4 Bf8 22. Be1 Qd8 23. Bg3 Rc8 24. Bxd6 Bxd6 25. e5 {Salem,A (2656)-Vitiugov,N (2726) Doha 2016 1-0 (48)}) 11. Nf3 Be6 $146 ({RR} 11... Bg4 12. O-O-O Nbd7 13. Kb1 Qa5 14. h3 Be6 15. Bxf6 Nxf6 16. g4 c5 17. dxc5 Bxc5 18. g5 hxg5 19. Nxg5 Bb4 20. Ne2 Rac8 21. Qb3 Bd7 22. a3 Be7 23. Rc1 Ba4 24. Qa2 Qd2 25. Nf4 Qxf2 26. Rcf1 {Huber,M (2390)-Liyanage,R (1989) Manavgat 2018 0-1 (42)}) ({RR} 11... Bg4 12. Qb3 b5 13. Rc1 Nbd7 14. Be2 c5 15. dxc5 Nxc5 16. Qd1 g5 17. Bg3 Rc8 18. Nd4 Bxe2 19. Ncxe2 Nce4 20. Rxc8 Qxc8 21. Bxd6 Nxd6 22. O-O Re7 23. a4 Qc5 24. axb5 axb5 25. Qd3 Qc4 26. Qa3 {Holt,C (2532)-Svane,R (2620) chess.com INT 2026 1-0 (100)}) 12. O-O Nbd7 13. Rae1 Qc7 14. Kh1 Bg4 15. Nd2 Be6 16. f4 Nf8 17. Bxf6 gxf6 18. Nf3 c5 19. Qf2 f5 20. Qh4 Kg7 21. Qg3+ Ng6 22. Nh4 cxd4 23. Nxd5 Bxd5 24. Nxf5+ Kh8 25. Qh3 Bf8 26. Nxh6 Kg7 27. f5 Rxe3 28. Rxe3 dxe3 29. f6+ Kh7 30. Nxf7+ Kg8 31. Bxg6 1-0

[Event "TCh-ESP Div Honor 2023"]
[Site "Linares ESP"]
[Date "2023.09.22"]
[Round "7.3"]
[White "Sadhwani, Raunak"]
[Black "Anton Guijarro, D."]
[Result "1/2-1/2"]
[WhiteElo "2632"]
[BlackElo "2669"]
[PlyCount "72"]
[EventDate "2023.09.16"]
[WhiteTeam "MyInvestor Casablanca"]
[BlackTeam "C.A. Jaime Casas de Monzon"]

1. d4 {Krasenkow,Michal} d5 2. c4 e6 3. Nc3 c6 4. e4 dxe4 5. Nxe4 Bb4+ 6. Bd2 Qxd4 7. Bxb4 Qxe4+ 8. Ne2 Na6 ({RR} 8... Nd7) 9. Bf8 Ne7 10. Bxg7 Nb4 11. Qd6 ({RR} 11. Bxh8 e5) 11... Nd3+ 12. Kd2 Nf5 13. Qxd3 Qxd3+ 14. Kxd3 Nxg7 15. Kc3 ({RR} 15. Ng3 c5 ({RR} 15... b6 16. c5 Ke7 17. Kc3 Rd8 18. f4 bxc5 19. Re1 Ne8 20. Ne4 Nf6 21. Nxf6 Kxf6 22. Bd3 h6 23. Re5 Rd5 24. Rhe1 Bb7 25. Bc4) 16. Be2 b6 17. Bf3 Rb8 18. Kc3 ({RR} 18. Rad1 Bb7 19. Bxb7 Rxb7 20. Ke4 h5 21. h4 Rh6 22. f4 Rg6 23. Kf3 Rd7) 18... Bb7 19. Bxb7 Rxb7 20. Rad1 Ke7 21. Rhe1 Rbb8 22. a3 Rhd8 23. Rxd8 Rxd8 24. b4 Rc8 25. Ne4 cxb4+ 26. axb4 Ne8 27. f4 Nc7 28. Kb3 Rd8) 15... b6 ({RR} 15... e5 16. Re1 O-O 17. f4 Re8 ({RR} 17... e4 18. Nd4 f5) 18. Ng3 exf4 19. Rxe8+ Nxe8 20. Nh5 Bf5 21. Be2 Nd6 22. Bf3 Bg6 23. Nxf4 Ne4+ 24. Bxe4 Bxe4 25. Rd1) ({RR} 15... Bd7 16. c5 ({RR} 16. Ng3 O-O-O 17. Ne4) 16... e5 17. Ng3 Ne6 18. Ne4 Ke7 19. Bc4 f5 20. Bxe6 Bxe6 21. Nd6 b6) ({RR} 15... Ke7 16. Re1 ({RR} 16. Ng3 c5 17. Bd3 b6 18. Be4 Rb8 19. Rhe1 Bb7 20. Rad1 Bxe4 21. Rxe4 f5 22. Ree1 Rbd8 23. b4 Rxd1 24. Rxd1 Rc8 25. b5 Ne8 26. Nh5 Rd8) 16... Bd7 17. g3 Rad8 18. Bg2 f6 19. f4 h5 20. Nc1 Be8 21. b4 Bg6) ({RR} 15... c5 16. g3 Bd7 ({RR} 16... b6 17. Bg2 Rb8 18. Rhd1 Bb7 19. Bxb7 Rxb7 20. Rd3 Rd7 21. Rad1 Rxd3+ 22. Rxd3 Ke7 23. Kc2 Rb8 24. Ra3 Rb7 25. g4 h5 26. gxh5 Nxh5 27. Nc3 Nf6 28. h3 Nd7 29. Nb5 a5) 17. Bg2 O-O-O 18. Rad1 ({RR} 18. Rab1 e5 19. Rhe1) 18... Kc7 19. Nf4 Bc6 20. Bxc6 Kxc6 21. Nd3 f6 22. Rhe1 Rd6 23. Nf4 Rhd8 24. Rxd6+ Rxd6 25. a3 a6 26. b4 b5 27. Nd3 cxb4+ 28. axb4 bxc4 29. Kxc4 Ne8 30. Nc5) 16. g4 ({RR} 16. g3 Bb7 17. Bg2 O-O-O 18. Rhd1 c5 19. Bxb7+ Kxb7 20. Ng1 Nf5 21. Nf3 f6 22. Rd2 e5 23. Re1 Nd4 24. Nxd4 Rxd4 25. Rxd4 cxd4+ 26. Kd3 Kc6 27. f4 Kd6 28. fxe5+ fxe5 29. Rf1 Ke6) ({RR} 16. c5 Nh5) 16... Bb7 17. Bg2 O-O-O 18. Rad1 c5 ({RR} 18... h5 19. g5 c5 20. Bxb7+ Kxb7 21. Nf4 Nf5 22. Rxd8 Rxd8 23. Nxh5 Rg8 24. h4 ({RR} 24. f4 Rh8 25. Nf6 ({RR} 25. Ng3) 25... Rh3+) ({RR} 24. Rg1 Rh8 25. Ng3 Rxh2 26. Nxf5 exf5 27. Re1 Rxf2 28. Re7+ Kc6 29. Rxf7 Rf3+ 30. Kd2 Rg3 31. Rxf5 Kd6 32. Rd5+ Ke6 33. Kc2 Rg2+ 34. Kb3 Rg3+ 35. Ka4 Rg2 36. Ka3 Rg3+ 37. Ka4 Rg2 38. Ka3 Rg3+) 24... Rh8 25. Ng3 Rxh4 26. Rxh4 Nxh4 27. Ne4 Kc6 28. Kd3 Ng6 29. Ke3 Ne5 30. b3 Kd7 31. Nf6+ Ke7 32. Ke4 Nc6 33. Ng4 {Wojtaszek,R (2733)-Giri,A (2750) Biel 2014 CBM 162 [Krasenkow,Michal] ½-½ (50)}) 19. Bxb7+ Kxb7 20. Rxd8 $146 ({RR} 20. Nf4 Kc7 21. Rhe1 Rxd1 22. Rxd1 h5 23. g5 Nf5 24. Nd3 Rd8 25. Rd2 Nd6 26. f3 Rg8 27. Rg2 e5 28. Nxe5 f6 29. Nd3 fxg5 30. Ne5 g4 31. fxg4 Rg5 32. Nf3 Rxg4 33. Rxg4 hxg4 34. Ne5 g3 {Koelle,T (2433)-Richter,N (2328) Eberstadt 2022 ½-½ (36)}) 20... Rxd8 21. Kc2 h5 22. h3 Kc6 23. Rd1 Rh8 24. Nc3 hxg4 25. hxg4 a6 26. Ne4 f5 27. Nf6 fxg4 28. Nxg4 Nf5 29. Ne5+ Kc7 30. Rd7+ Kc8 31. Ra7 Rh2 32. Nd7 Rxf2+ 33. Kc3 Rf3+ 34. Kd2 Rf2+ 35. Kc3 Rf3+ 36. Kd2 Rf2+ 1/2-1/2

[Event "AI Cup Div 2 W"]
[Site "chess.com INT"]
[Date "2023.09.26"]
[Round "2.2"]
[White "Keymer, Vincent"]
[Black "Fedoseev, Vl3"]
[Result "1-0"]
[WhiteElo "2717"]
[BlackElo "2683"]
[PlyCount "141"]
[EventDate "2023.09.25"]
[EventType "k.o."]

1. c4 e6 2. Nc3 d5 3. d4 Be7 4. cxd5 exd5 5. Bf4 c6 6. e3 Bf5 7. Nge2 Nf6 8. Ng3 Bg6 9. h4 h5 10. Bd3 Bxd3 11. Qxd3 g6 12. O-O-O Na6 ({RR} 12... Nbd7 13. Rhe1 O-O 14. f3 b5 15. Kb1 a5 16. Rc1 a4 17. e4 dxe4 18. fxe4 Ng4 19. e5 Nc5 20. Qd1 Ne6 21. Nce2 Bxh4 22. Bh6 Nxh6 23. Ne4 Bxe1 24. Qxe1 Nxd4 25. Nf6+ Kg7 26. Rd1 Nhf5 27. Nxd4 {Vershinin,I (2325)-Kaminskii,D (2138) chess.com INT 2026 0-1 (33)}) 13. f3 Bd6 $146 ({RR} 13... Qa5 14. Kb1 O-O-O 15. e4 dxe4 16. fxe4 Ng4 17. Qf3 Rd7 18. d5 Rhd8 19. Rc1 Bf6 20. dxc6 Rd3 21. cxb7+ Kxb7 22. Qe2 Bxc3 23. Rxc3 Rxc3 24. bxc3 Nc5 25. Qc4 Nf2 26. Rf1 Nfd3 27. Kc2 Ka8 28. Be3 {Deuer,M (2458)-Haimovich,T (2324) Biel SUI 2024 0-1}) 14. Nge2 Bxf4 15. Nxf4 Qd6 16. g3 O-O-O 17. Rhe1 Rhe8 18. e4 dxe4 19. fxe4 Ng4 20. Qc4 Qd7 21. e5 Kb8 22. Ne4 Nc7 23. Nd6 Re7 24. Kb1 Ne8 25. Nxf7 Qf5+ 26. Ka1 Rxf7 27. Ne6 Rdd7 28. Nc5 Rde7 29. e6 Rg7 30. d5 Nd6 31. Qb4 a5 32. Qxa5 cxd5 33. Rxd5 Qxd5 34. Nd7+ Rxd7 35. Qxd5 Rge7 36. Rd1 Rd8 37. Qg5 Ree8 38. a3 Nf2 39. Rd4 Nfe4 40. Qxg6 Rc8 41. Rxe4 Rg8 42. Qxh5 Nxe4 43. Qe5+ Ka8 44. Qxe4 Rxg3 45. e7 Rgg8 46. h5 Rce8 47. h6 Kb8 48. h7 Rh8 49. Qe5+ Kc8 50. Qe4 Kc7 51. Ka2 b6 52. a4 Kd6 53. Ka3 Kc7 54. Kb4 Ra8 55. b3 Kd6 56. Kb5 Rhb8 57. b4 Kd7 58. Qe5 Re8 59. Kxb6 Rab8+ 60. Kc5 Rbc8+ 61. Kd4 Ra8 62. a5 Rh8 63. b5 Rae8 64. a6 Ra8 65. Kc5 Rhc8+ 66. Kb4 Rcb8 67. Ka5 Rc8 68. b6 Re8 69. b7 Rab8 70. Kb6 Rh8 71. a7 1-0

[Event "Titled Tue 13th Feb Late"]
[Site "chess.com INT"]
[Date "2024.02.13"]
[Round "6"]
[White "Grischuk, A."]
[Black "Anton Guijarro, D."]
[Result "1-0"]
[WhiteElo "2732"]
[BlackElo "2672"]
[PlyCount "67"]
[EventDate "2024.02.13"]

1. d4 d5 2. c4 e6 3. Nc3 c6 4. Nf3 dxc4 5. e4 b5 6. a4 Bb4 7. Be2 Bb7 8. O-O a6 9. Bg5 Ne7 10. e5 h6 11. Bh4 g5 12. Bg3 Nf5 13. Ne4 Nd7 14. b3 c5 $146 ({RR} 14... c3 15. Rc1 bxa4 16. Nxc3 a3 17. Ne4 O-O 18. h4 g4 19. Ne1 h5 20. Nd3 a5 21. Nf4 c5 22. Nxc5 Nxc5 23. dxc5 Qxd1 24. Rfxd1 Nxg3 25. fxg3 Rfc8 26. Nd3 Ba6 27. c6 Rab8 28. Kf2 Rb6 29. Nxb4 {Zeltsan,J (2401)-Anton Guijarro,D (2669) chess.com INT 2024 0-1 (31)}) 15. Nd6+ Nxd6 16. exd6 Bc3 17. bxc4 Bxa1 18. Qxa1 O-O 19. cxb5 axb5 20. Bxb5 Bxf3 21. gxf3 cxd4 22. Qxd4 Qf6 23. Qe3 Rfd8 24. Rc1 Qf5 25. h4 Nf6 26. Rc5 Nd5 27. Qe4 Qh3 28. hxg5 hxg5 29. d7 Kg7 30. Rxd5 Rh8 31. Rxg5+ Kh6 32. Rg4 f5 33. Qxe6+ Kh5 34. Qg6# 1-0

[Event "Crunchlabs Play-In Match D1"]
[Site "chess.com INT"]
[Date "2024.07.18"]
[Round "1.2"]
[White "Fedoseev, Vl3"]
[Black "Matlakov, M."]
[Result "1/2-1/2"]
[WhiteElo "2687"]
[BlackElo "2651"]
[PlyCount "139"]
[EventDate "2024.07.18"]
[EventType "k.o."]

1. d4 d5 2. c4 e6 3. Nc3 Bb4 4. cxd5 exd5 5. Bf4 c5 6. Nf3 c4 7. g3 Nc6 8. Bg2 Nge7 9. O-O O-O 10. a3 ({RR} 10. h3 a6 11. g4 Bd6 12. Bxd6 Qxd6 13. Nh2 Rb8 14. Qd2 b5 15. Rad1 b4 16. Na4 Ng6 17. f4 f5 18. g5 h6 19. gxh6 gxh6 20. e3 Rb7 21. Nf3 Rg7 22. Kh2 Kh8 23. Rg1 Rfg8 24. Bh1 Qf6 {Arakhamia Grant,K (2385)-Semenova,L (2295) Moscow 1990 ½-½ (60)}) 10... Bxc3 ({RR} 10... Ba5 11. e4 dxe4 12. Nxe4 Nd5 13. Bd2 Bb6 14. Bc3 Bf5 15. Re1 Re8 16. Nc5 Bxc5 17. dxc5 Nxc3 18. bxc3 Bd3 19. Rxe8+ Qxe8 20. Nd4 Qd7 21. Nxc6 bxc6 22. Qf3 Rc8 23. Re1 h6 24. h4 f5 25. Kh2 {Fuentes Godoy,L (2130)-Essing,A (2209) chess.com INT 2026 0-1 (74)}) 11. bxc3 h6 $146 ({RR} 11... Re8 12. Ne5 f6 13. Nxc6 Nxc6 14. Qc2 {0-1 (14) Beremesenko,O-Vladichenko,A Ilichevsk 2008}) 12. a4 Bf5 13. Bc1 Re8 14. Nd2 Qd7 15. a5 Bh3 16. Re1 Bxg2 17. Kxg2 b5 18. axb6 axb6 19. Rb1 b5 20. Rxb5 Nxd4 21. Rb2 Nb5 22. Nxc4 Nxc3 23. Qd3 d4 24. e4 Rad8 25. Rb6 Nc8 26. Rb8 Ne7 27. Rxd8 Rxd8 28. Ba3 Ng6 29. Bd6 Nb5 30. Bb4 Qg4 31. Kh1 h5 32. Nd2 Qd7 33. Nf3 Qg4 34. e5 h4 35. e6 fxe6 36. Qe4 Qxe4 37. Rxe4 hxg3 38. hxg3 e5 39. Kg2 Rd5 40. Kf1 Kf7 41. Ke2 Kf6 42. Kd3 Nd6 43. Bxd6 Rxd6 44. Nd2 Rc6 45. Nc4 Kf5 46. f3 Ra6 47. f4 exf4 48. gxf4 Nxf4+ 49. Kxd4 Ra4 50. Ke3 Nd5+ 51. Kf3 Ra6 52. Rd4 Nf6 53. Ne3+ Kg6 54. Rd3 Ra4 55. Nd5 Nh7 56. Nf4+ Kf5 57. Rd5+ Kf6 58. Nh5+ Ke6 59. Rb5 g5 60. Rb6+ Ke5 61. Rb5+ Ke6 62. Rb6+ Kf7 63. Rh6 Nf8 64. Rf6+ Ke7 65. Rf5 Ne6 66. Kg3 Ra3+ 67. Kg4 Ra4+ 68. Kg3 Rh4 69. Rxg5 Nxg5 70. Kxh4 1/2-1/2

[Event "Titled Tue 16th Jul Early"]
[Site "chess.com INT"]
[Date "2024.07.16"]
[Round "8"]
[White "Bluebaum, M."]
[Black "Bacrot, E."]
[Result "1-0"]
[WhiteElo "2640"]
[BlackElo "2677"]
[PlyCount "63"]
[EventDate "2024.07.16"]

1. d4 d5 2. c4 e6 3. Nc3 Bb4 4. e3 Nf6 5. Bd2 O-O 6. Nf3 b6 7. cxd5 exd5 8. Rc1 Bb7 9. Bd3 a6 10. O-O Nbd7 11. Ne5 Re8 12. f4 c5 13. a3 ({RR} 13. Be1 c4 14. Bf5 Nf8 15. Qf3 b5 16. g4 Bxc3 17. bxc3 Ne4 18. g5 Nd6 19. Bb1 Ng6 20. Bg3 Ne4 21. Bxe4 dxe4 22. Qh5 Nxe5 23. fxe5 Bd5 24. Rf4 Qb6 25. a3 Ra7 26. Rcf1 Qg6 27. Qe2 a5 {Hamidov,A (2239)-Davudov,T (2379) Baku AZE 2026 0-1 (53)}) 13... Bxc3 14. Bxc3 c4 15. Bf5 Nf8 $146 ({RR} 15... b5 16. Qf3 Nf8 17. Qg3 a5 18. Kh1 Qd6 19. Qe1 Qb6 20. Rd1 Red8 21. Rg1 Ne4 22. Bxe4 dxe4 23. d5 f6 24. Ng4 Rxd5 25. Rxd5 Bxd5 26. Qg3 Kh8 27. f5 b4 28. Bd4 Qb8 29. Qh4 Nd7 30. Nxf6 {Bluebaum,M (2640)-Isanzhulov,A (2399) chess.com INT 2024 ½-½ (139)}) 16. Kh1 b5 17. g4 Ne4 18. Bxe4 dxe4 19. g5 Ng6 20. Qh5 Nxe5 21. dxe5 Qb6 22. Rce1 g6 23. Qh6 Re6 24. f5 gxf5 25. Qh4 Rd8 26. Rxf5 Rg6 27. Rf6 Qc5 28. e6 Bd5 29. Rxg6+ fxg6 30. Qf4 Qe7 31. Qe5 Bxe6 32. Rf1 1-0